00310pab a2200121 454500008004000000100001800040245007200058260000900130300001200139362001200151650001200163773001300175180718b1997 xxu||||| |||| 00| 0 eng d aJafri, S.S.A. aUrban housing in India: an analytical approach to quality of living c1997 ap.50-64 aJul-Sep aHousing aNagarlok